| 000 | 00815nam a2200277Ia 4500 | ||
|---|---|---|---|
| 003 | OSt | ||
| 005 | 20220925192440.0 | ||
| 006 | a|||||r|||| 00| 0 | ||
| 007 | ta | ||
| 008 | 220923b |||||||| |||| 00| 0 eng d | ||
| 020 | _a0 335 19086 3 | ||
| 037 | _cGeneral Book | ||
| 040 |
_aRTL _cRTL _beng |
||
| 041 |
_2eng _aeng |
||
| 082 | _aY13.3.N9, N4 | ||
| 100 |
_aBlakemore Ken _9245210 |
||
| 245 | 0 |
_aAge, race and ethnicity _b A comparative approach |
|
| 260 |
_aBuckingtem _bOpen University Press _c1994 |
||
| 300 |
_axiii, 154p _ccm. |
||
| 490 | _aRethinking Aging Series | ||
| 500 | _aBibliography: P 142-49 | ||
| 650 | _aOld Persons | ||
| 700 |
_a Boneham Margaret _9245211 |
||
| 942 |
_hY13.3.N9, N4 _cGB _2CC |
||
| 999 |
_c522195 _d522195 |
||